Marina, Lagos State. (Record no. 38654)

MARC details
000 -LEADER
fixed length control field 00514nam a2200157Ia 4500
022 ## - INTERNATIONAL STANDARD SERIAL NUMBER
ISSN TA 1 .S77/
050 ## - CALL MARK
Classification number Structural engineering journal
245 #0 - TITLE STATEMENT
Title Marina, Lagos State.
260 ## - PUBLICATION, DISTRIBUTION, ETC. (IMPRINT)
Place of publication The Nigerian Institute of Structural Engineers (NISructE)
260 ## - PUBLICATION, DISTRIBUTION, ETC. (IMPRINT)
Name of publisher 2011
260 ## - PUBLICATION, DISTRIBUTION, ETC. (IMPRINT)
Year of publication 48 p. : ill. ; 30 cm.
300 ## - PHYSICAL DESCRIPTION
Number of Pages Structural engineering--Periodicals. Building--Nigeria--Periodicals. Civil--Nigeria--Periodicals.
650 ## - SUBJECT ADDED ENTRY--TOPICAL TERM
Topical Term SR

No items available.